|
|
|
|
| LEADER |
00000nam1a2200000 4500 |
| 001 |
193923 |
| 005 |
20231031182107.0 |
| 010 |
|
|
|a 9785020366589
|
| 035 |
|
|
|a (RuTPU)RU\TPU\book\211477
|
| 035 |
|
|
|a RU\SPSTU\books\20071949
|
| 090 |
|
|
|a 193923
|
| 100 |
|
|
|a 20110331d2009 k y0rusy50 ca
|
| 101 |
0 |
|
|a rus
|
| 102 |
|
|
|a RU
|
| 200 |
1 |
|
|a Избранные труды
|e в 2 т.
|f В. А. Магницкий
|g Российская академия наук (РАН), Институт физики Земли им. О. Ю. Шмидта (ИФЗ) ; гл. ред. Ю. С. Осипов
|
| 210 |
|
|
|a Москва
|c Наука
|d 2009
|
| 225 |
1 |
|
|a Памятники отечественной науки. XX век
|
| 700 |
|
1 |
|a Магницкий
|b В. А.
|g Владимир Александрович
|
| 702 |
|
1 |
|a Осипов
|b Ю. С.
|4 651
|
| 712 |
0 |
2 |
|a Российская академия наук (РАН)
|b Институт физики Земли им. О. Ю. Шмидта (ИФЗ)
|c (Москва)
|2 stltpush
|3 (RuTPU)RU\TPU\col\7242
|
| 801 |
|
1 |
|a RU
|b 19013582
|c 20101119
|
| 801 |
|
2 |
|a RU
|b 19013582
|c 20101130
|g RCR
|
| 801 |
|
2 |
|a RU
|b 63413507
|c 20110428
|g RCR
|
| 899 |
|
|
|a 19013582
|
| 942 |
|
|
|c BK
|